LEADER 02658nam 2200625Ia 450 001 9910974552003321 005 20200520144314.0 010 $a979-82-16-30276-6 010 $a1-4617-3186-0 010 $a1-299-13845-4 035 $a(CKB)2550000001000491 035 $a(EBL)1128499 035 $a(OCoLC)850197696 035 $a(SSID)ssj0000990206 035 $a(PQKBManifestationID)11619662 035 $a(PQKBTitleCode)TC0000990206 035 $a(PQKBWorkID)10980964 035 $a(PQKB)11689915 035 $a(Au-PeEL)EBL1128499 035 $a(CaPaEBR)ebr10658650 035 $a(CaONFJC)MIL445095 035 $a(OCoLC)836848781 035 $a(MiAaPQ)EBC1128499 035 $a(EXLCZ)992550000001000491 100 $a20120726d2010 uy 0 101 0 $aeng 135 $aur|n|---||||| 181 $ctxt 182 $cc 183 $acr 200 14$aThe A to Z of German cinema /$fRobert C. Reimwer, Carol J. Reimer 205 $a1st ed. 210 $aLanham $cScarecrow Press$d2010 215 $a1 online resource (524 p.) 225 1 $aThe A to Z guide series ;$vno. 183 300 $aDescription based upon print version of record. 311 08$a0-8108-7611-6 320 $aIncludes bibliographical references (p. 339-466). 327 $aCover; Title Page; Copyright Page; Dedication Page; Table of Contents; Editor's Foreword; Preface; Acronyms and Abbreviations; Chronology; Introduction; The Dictionary; The 100 Most Significant German Films; Bibliography; About the Authors 330 $aOutlining the richness of German film, The A to Z of German Cinema covers mainstream, alternative, and experimental film from 1895 to the present through a chronology, introductory essay, appendix of the 100 most significant German films, a bibliography, and hundreds of cross-referenced dictionary entries on directors, actors, films, cinematographers, composers, producers, and major historical events that greatly affected the direction and development of German cinema. The book's broad canvas will lead students and scholars of cinema to appreciate the complex nature of German film. 410 0$aA to Z guides ;$v183. 606 $aMotion pictures$zGermany$vDictionaries 606 $aMotion picture industry$zGermany$vDictionaries 615 0$aMotion pictures 615 0$aMotion picture industry 676 $a791.430943 700 $aReimer$b Robert Charles$01855567 701 $aReimer$b Carol J$01855568 801 0$bMiAaPQ 801 1$bMiAaPQ 801 2$bMiAaPQ 906 $aBOOK 912 $a9910974552003321 996 $aThe A to Z of German cinema$94453771 997 $aUNINA LEADER 03477nam 22005895 450 001 9910865259003321 005 20250808090429.0 010 $a3-031-55143-5 024 7 $a10.1007/978-3-031-55143-7 035 $a(MiAaPQ)EBC31456845 035 $a(Au-PeEL)EBL31456845 035 $a(CKB)32246073900041 035 $a(DE-He213)978-3-031-55143-7 035 $a(OCoLC)1438663494 035 $a(EXLCZ)9932246073900041 100 $a20240605d2024 u| 0 101 0 $aeng 135 $aurcnu|||||||| 181 $ctxt$2rdacontent 182 $cc$2rdamedia 183 $acr$2rdacarrier 200 10$aMany-Body Techniques in Condensed Matter Physics $eLecture Notes and Exercises for an Introductory Course /$fby Jaime Merino, Alfredo Levy Yeyati 205 $a1st ed. 2024. 210 1$aCham :$cSpringer Nature Switzerland :$cImprint: Springer,$d2024. 215 $a1 online resource (219 pages) 225 1 $aUNITEXT for Physics,$x2198-7890 311 08$a3-031-55142-7 327 $aIntroduction to many-particle physics in Condensed Matter -- Introduction to Green-function methods -- Perturbation theory at zero temperature -- Finite temperature Green function formalism -- Linear response and collective modes -- Generalized Green function propagator -- Introduction to non-equilibrium: the Keldysh contour -- Perturbative expansion in the non-equilibrium formalism -- Applications: electron transport at the nanoscale -- Introduction to path integral methods -- Application of path integral methods: the renormalization group approach -- Hints for solving exercises. 330 $aThis book presents the lecture notes and exercises corresponding to the course "Quantum Field Theoretical Methods in Condensed Matter" that the authors imparted for several years as part of the masters program on Condensed Matter and Biological Systems at the Autonoma University of Madrid. It provides a step-by-step description of the material which will benefit not only professors wishing to undertake a similar task, but also interested students. Additionally, the book provides a complete set of exercises on the various topics along with hints about how to solve them, a feature frequently absent in textbooks on many-body techniques. As well as addressing the traditional topics in the field (diagrammatic techniques, screening in metals, Fermi liquid theory, electron-phonon interactions, etc.) the text also covers less conventional topics such as the application of non-equilibrium Green function techniques to quantum transport in normal and superconducting nanoscale devices. 410 0$aUNITEXT for Physics,$x2198-7890 606 $aCondensed matter 606 $aParticles (Nuclear physics) 606 $aQuantum field theory 606 $aCondensed Matter Physics 606 $aStrongly Correlated Systems 606 $aElementary Particles, Quantum Field Theory 615 0$aCondensed matter. 615 0$aParticles (Nuclear physics) 615 0$aQuantum field theory. 615 14$aCondensed Matter Physics. 615 24$aStrongly Correlated Systems. 615 24$aElementary Particles, Quantum Field Theory. 676 $a530.41 700 $aMerino$b Jaime$01742558 701 $aYeyati$b Alfredo Levy$01742559 801 0$bMiAaPQ 801 1$bMiAaPQ 801 2$bMiAaPQ 906 $aBOOK 912 $a9910865259003321 996 $aMany-Body Techniques in Condensed Matter Physics$94169307 997 $aUNINA